| 000 | 01206cam a22003615a 4500 | ||
|---|---|---|---|
| 003 | EG-ScBUE | ||
| 005 | 20220607121055.0 | ||
| 006 | m||||fq||h 00| 0 | ||
| 008 | 150824s2002 enka f 001 0 eng d | ||
| 020 | _a0333754921 | ||
| 020 | _a9780333754924 | ||
| 040 |
_aEG-ScBUE _beng _erda _cEG-ScBUE _dEG-ScBUE |
||
| 082 | 0 | 4 |
_a428.24 _bEMM _222 |
| 100 | 1 |
_aEmmerson, Paul, _d1954- _eauthor. |
|
| 245 | 1 | 0 |
_aBusiness grammar builder / _cPaul Emmerson. |
| 246 | 3 | 4 |
_aBusiness grammar builder : _bfor class and self study |
| 264 | 1 |
_aOxford : _bMacmillan Education, _c2002. |
|
| 300 |
_a272 pages : _bcolor illustrations ; _c28 cm + _e1 CD |
||
| 336 |
_2rdacontent _atext _btxt |
||
| 336 |
_2rdacontentaudio _asounds _bsnd |
||
| 337 |
_2rdamedia _aunmediated _bn |
||
| 337 |
_2rdamedia _aaudio _bs |
||
| 338 |
_2rdacarrier _avolume _bnc |
||
| 338 |
_2rdacarrier _acomputer disc _bcd |
||
| 500 | _aIncludes index. | ||
| 500 | _aIncludes appendix. | ||
| 650 | 7 |
_aEnglish language _vBusiness English. _2BUEsh |
|
| 650 | 7 |
_aEnglish language _xGrammar _vProblems, exercises, etc. _2BUEsh |
|
| 651 | _2BUEsh | ||
| 653 |
_bHHUUEENN _cAugust2015 _cOctober2018 |
||
| 655 |
_vReading book _934232 |
||
| 942 |
_2ddc _cBB |
||
| 999 |
_c1442 _d1442 |
||